| 000 | 01298nam a2200337 i 4500 | ||
|---|---|---|---|
| 001 | 768714001 | ||
| 003 | CO-MdFUSB | ||
| 005 | 20240516170440.0 | ||
| 007 | ta | ||
| 008 | 230315t1985 -us||||f |||| 00| 0 eng d | ||
| 020 | _a0802490867 | ||
| 040 |
_aCO-MdFUSB _bspa _cCO-MdFUSB _dCO-MdFUSBC _erda |
||
| 041 | _aeng | ||
| 082 |
_223 _a225.61 _bK13u |
||
| 100 |
_aKaiser, Walter C. _eautor |
||
| 245 | 4 |
_aThe uses of the Old Testament in the New _c/ Walter C. Kaiser |
|
| 264 | 1 |
_aChicago, Illinois ; _bMoody Press, _c1985 |
|
| 264 | 4 | _c©1985 | |
| 300 |
_a270 páginas _c; 23 cm |
||
| 336 |
_2rdacontent _atexto _btxt |
||
| 337 |
_2rdamedia _asin mediación _bn |
||
| 338 |
_2rdacarrier _avolumen _bnc |
||
| 504 | _aIncluye índices y bibliografía | ||
| 505 | _aIntroducción a los usos del Antiguo Testamento en el Nuevo -- El uso apologético del Antiguo Testamento en el Nuevo -- El uso profético del Antiguo Testamento en el Nuevo -- El uso tipológico del Antiguo Testamento en el Nuevo -- El Uso teológico del Antiguo Testamento en el Nuevo -- El uso práctico del Antiguo Testamento en el Nuevo | ||
| 563 | _aRústico | ||
| 630 | 0 | _aEl Antiguo Testamento en el Nuevo Testamento | |
| 650 | 7 |
_9418 _aHermenéutica |
|
| 942 | _cBK | ||
| 945 | _aAF | ||
| 999 |
_c68605 _d68605 |
||